15 największych miast Ameryki Południowej na mapie - Statystyki

Ogólne statystyki
  • Ten quiz został rozwiązany 28 razy
  • Średni wynik to 10 z 15
Odpowiedzi na mapie
Odpowiedzi zakodowano w zielono-czerwonej skali na mapie do tego quizu, zgodnie z poniższymi procentami.
 
Statystyki odpowiedzi
Państwo Miasto Populacja % Poprawnych
Kolumbia Bogota 7,9 mln
100%
Brazylia Brasília 2,9 mln
100%
Argentyna Buenos Aires 2,9 mln
100%
Peru Lima 11,1 mln
100%
Brazylia Rio de Janeiro 6,7 mln
100%
Brazylia São Paulo 12 mln
100%
Chile Santiago 7,1 mln
90%
Kolumbia Medellin 2,5 mln
67%
Brazylia Manaus 2,3 mln
52%
Brazylia Belo Horizonte 2,4 mln
43%
Wenezuela Maracaibo 2,2 mln
33%
Brazylia Salvador 2,5 mln
33%
Kolumbia Cali 2,2 mln
29%
Brazylia Fortaleza 2,6 mln
29%
Ekwador Guayaquil 2,6 mln
19%
Nie znaleziono quizów pasujących do podanych kryteriów
Rozkład punktacji
Procent ludzi z każdym wynikiem
Percentyl według liczby udzielonych odpowiedzi
Twoja historia wyników
Nie rozwiązałeś tego quizu